| 000 | 00617cam a2200217 4500 | ||
|---|---|---|---|
| 001 | ABS62546 | ||
| 008 | 000000n2000 000 0 eng u | ||
| 035 | _a(Sirsi) u106392 | ||
| 100 | _aRose, L. | ||
| 245 | _aWhich way for land values? | ||
| 260 | _c2000 | ||
| 490 |
_aFarmers' Weekly _v132(21) 26 May 2000, 66(1) |
||
| 520 | _aLooks at future agricultural land values, and the factors which are likely to influence these. Graph. | ||
| 590 | _aABS | ||
| 650 | _aLAND VALUES | ||
| 650 | _aARABLE FARMING | ||
| 650 | _aAGRICULTURAL RENTS | ||
| 650 | _aFARMLAND | ||
| 690 | _aRURAL PRACTICE | ||
| 942 | _n0 | ||
| 999 |
_c63729 _d63729 |
||